Lee Frost's panoramic photography. (Record no. 2532)
[ view plain ]
| 000 -LEADER | |
|---|---|
| fixed length control field | 01043cam a2200373 a 4500 |
| 001 - CONTROL NUMBER | |
| control field | 2532 |
| 003 - CONTROL NUMBER IDENTIFIER | |
| control field | BD-DhBUF |
| 005 - DATE AND TIME OF LATEST TRANSACTION | |
| control field | 20250827151205.0 |
| 008 - FIXED-LENGTH DATA ELEMENTS--GENERAL INFORMATION | |
| fixed length control field | 041203s2005 enka 001 0 eng |
| 015 ## - NATIONAL BIBLIOGRAPHY NUMBER | |
| National bibliography number | GBA502953 |
| Source | bnb |
| 020 ## - INTERNATIONAL STANDARD BOOK NUMBER | |
| International Standard Book Number | 9780715319628 (hbk.) |
| 020 ## - INTERNATIONAL STANDARD BOOK NUMBER | |
| International Standard Book Number | 0715319620 (hbk.) : |
| Terms of availability | £25.00 |
| 020 ## - INTERNATIONAL STANDARD BOOK NUMBER | |
| International Standard Book Number | 9780715327555 (pbk.) |
| 020 ## - INTERNATIONAL STANDARD BOOK NUMBER | |
| International Standard Book Number | 0715327550 (pbk.) |
| 020 ## - INTERNATIONAL STANDARD BOOK NUMBER | |
| International Standard Book Number | 0715319698 (pbk.) : |
| Terms of availability | No price |
| 035 ## - SYSTEM CONTROL NUMBER | |
| System control number | (UkCU)4126940 |
| 035 ## - SYSTEM CONTROL NUMBER | |
| System control number | (Uk)013080264 |
| 035 ## - SYSTEM CONTROL NUMBER | |
| System control number | 1088355 |
| 035 ## - SYSTEM CONTROL NUMBER | |
| System control number | 4306450 |
| 035 ## - SYSTEM CONTROL NUMBER | |
| System control number | (StEdNL)4306450-nlsdb-Voyager |
| 040 ## - CATALOGING SOURCE | |
| Original cataloging agency | StDuBDS |
| Modifying agency | UkCU |
| -- | Uk |
| Transcribing agency | Uk |
| 042 ## - AUTHENTICATION CODE | |
| Authentication code | ukscp |
| 082 04 - DEWEY DECIMAL CLASSIFICATION NUMBER | |
| Classification number | 778.36 |
| Edition number | 22 |
| 100 1# - MAIN ENTRY--PERSONAL NAME | |
| Personal name | David |
| 245 10 - TITLE STATEMENT | |
| Title | Lee Frost's panoramic photography. |
| Statement of responsibility, etc. | David and Charles |
| 246 30 - VARYING FORM OF TITLE | |
| Title proper/short title | Panoramic photography |
| 260 ## - PUBLICATION, DISTRIBUTION, ETC. | |
| Place of publication, distribution, etc. | Newton Abbot : |
| Name of publisher, distributor, etc. | David & Charles, |
| Date of publication, distribution, etc. | c2005. |
| 300 ## - PHYSICAL DESCRIPTION | |
| Extent | 144 p. : |
| Other physical details | col. ill. ; |
| Dimensions | 23 x 29 cm. |
| 500 ## - GENERAL NOTE | |
| General note | Formerly CIP. |
| Institution to which field applies | Uk |
| 504 ## - BIBLIOGRAPHY, ETC. NOTE | |
| Bibliography, etc. note | Includes index. |
| 650 #0 - SUBJECT ADDED ENTRY--TOPICAL TERM | |
| Topical term or geographic name entry element | Photography, Panoramic. |
| 9 (RLIN) | 2445 |
| 700 ## - ADDED ENTRY--PERSONAL NAME | |
| Personal name | Charles |
| 942 ## - ADDED ENTRY ELEMENTS (KOHA) | |
| Source of classification or shelving scheme | Dewey Decimal Classification |
| Koha item type | Books |
| Withdrawn status | Lost status | Source of classification or shelving scheme | Damaged status | Not for loan | Home library | Current library | Date acquired | Total Checkouts | Full call number | Barcode | Date last seen | Copy number | Price effective from | Koha item type |
|---|---|---|---|---|---|---|---|---|---|---|---|---|---|---|
| Dewey Decimal Classification | BUFT Library | BUFT Library | 03/11/2011 | 778.36 D2491l 2005 | 2011-0042 | 08/27/2025 | C-1 | 08/27/2025 | Books |
